Metamorphosis of the Cassowaries: Umeda society, language and ritual

Saved in:  
Bibliographic Details
Main Author: Gell, Alfred 1945-1997 (Author)
Format: Print Book
Language:English
Subito Delivery Service: Order now.
Check availability: HBZ Gateway
WorldCat: WorldCat
Interlibrary Loan:Interlibrary Loan for the Fachinformationsdienste (Specialized Information Services in Germany)
Published: London [u.a.] Athlone Pr. [u.a.] 1975
In: Monographs on social anthropology (51)
Year: 1975
Series/Journal:Monographs on social anthropology 51
Standardized Subjects / Keyword chains:B Papua New Guinea / Umeda / Ethnology
Further subjects:B Umeda (Papua New Guinea people)
B Umeda (Papua New Guinean people)
B Thesis

MARC

LEADER 00000cam a2200000 c 4500
001 1608574768
003 DE-627
005 20251225193431.0
007 tu
008 920910s1975 xxk||||| m 00| ||eng c
020 |a 0485195518  |9 0-485-19551-8 
020 |a 0391003887  |9 0-391-00388-7 
035 |a (DE-627)1608574768 
035 |a (DE-576)029826608 
035 |a (DE-599)BSZ029826608 
035 |a (OCoLC)832864415 
035 |a (OCoLC)02016816 
040 |a DE-627  |b ger  |c DE-627  |e rakwb 
041 |a eng 
044 |c XA-GB  |c XD-US 
050 0 |a DU740.42 
082 0 |a 309.1/955 
082 0 |a 309.1955 
084 |a 0  |2 ssgn 
084 |a 18.95  |2 bkl 
084 |a 73.57  |2 bkl 
100 1 |0 (DE-588)131541382  |0 (DE-627)510509630  |0 (DE-576)167411675  |4 aut  |a Gell, Alfred  |d 1945-1997 
109 |a Gell, Alfred 1945-1997 
245 1 0 |a Metamorphosis of the Cassowaries  |b Umeda society, language and ritual  |c by Alfred Gell 
264 1 |a London [u.a.]  |b Athlone Pr. [u.a.]  |c 1975 
300 |a X, 366 S. 
336 |a Text  |b txt  |2 rdacontent 
337 |a ohne Hilfsmittel zu benutzen  |b n  |2 rdamedia 
338 |a Band  |b nc  |2 rdacarrier 
490 1 |a Monographs on social anthropology  |v 51 
502 |a Teilw. zugl.: London, School of Economics, Diss. 
583 1 |a Massenentsäuert  |c 2014  |k DE-18  |2 pdager  |5 DE-18-308 
583 1 |a Archivierung prüfen  |c 20240324  |f DE-4165  |z 1  |2 pdager 
650 0 |a Umeda (Papua New Guinea people) 
650 0 |a Umeda (Papua New Guinean people) 
655 7 |a Hochschulschrift  |0 (DE-588)4113937-9  |0 (DE-627)105825778  |0 (DE-576)209480580  |2 gnd-content 
689 0 0 |d g  |0 (DE-588)4044569-0  |0 (DE-627)106204998  |0 (DE-576)209061502  |2 gnd  |a Papua-Neuguinea 
689 0 1 |d s  |0 (DE-588)1067430881  |0 (DE-627)818709049  |0 (DE-576)42663165X  |2 gnd  |a Umeda 
689 0 2 |d s  |0 (DE-588)4078931-7  |0 (DE-627)104288612  |0 (DE-576)209210508  |2 gnd  |a Ethnologie 
689 0 |5 (DE-627) 
751 |a London  |0 (DE-588)4074335-4  |0 (DE-627)106089994  |0 (DE-576)209193417  |4 uvp 
830 0 |a Monographs on social anthropology  |v 51  |9 51  |w (DE-627)129991112  |w (DE-576)002213877  |w (DE-600)414890-3  |x 0077-1074  |7 am 
889 |w (DE-627)234921684 
935 |a mteo 
935 |i mdedup 
936 b k |a 18.95  |j Austronesische Sprachen und Literaturen  |j australische Sprachen und Literaturen  |0 (DE-627)106413716 
936 b k |a 73.57  |j Kulte  |j Riten  |x Ethnologie  |0 (DE-627)106411071 
951 |a BO 
ELC |b 1 
ITA |a 1 
LOK |0 000 xxxxxcx a22 zn 4500 
LOK |0 001 3137521866 
LOK |0 003 DE-627 
LOK |0 004 1608574768 
LOK |0 005 20101130184545 
LOK |0 008 101130||||||||||||||||ger||||||| 
LOK |0 040   |a DE-21-53  |c DE-627  |d DE-21-53 
LOK |0 541   |e II/220/13855 
LOK |0 852   |a DE-21-53 
LOK |0 852 1  |c B 20 Gel I 1  |m p  |9 00 
LOK |0 935   |a K053  |a i053 
LOK |0 938   |k p 
LOK |0 939   |a 30-11-10  |b l01 
LOK |0 000 xxxxxcx a22 zn 4500 
LOK |0 001 4426899370 
LOK |0 003 DE-627 
LOK |0 004 1608574768 
LOK |0 005 20231218173808 
LOK |0 008 231205||||||||||||||||ger||||||| 
LOK |0 040   |a DE-Tue135  |c DE-627  |d DE-Tue135 
LOK |0 092   |o n 
LOK |0 852   |a DE-Tue135 
LOK |0 852 1  |9 00 
LOK |0 935   |a hdsa 
LOK |0 939   |a 05-12-23  |b l01 
ORI |a SA-MARC-ixtheoa001.raw 
REL |a 1 
STA 0 0 |a Ethnology,Anthropology,Ethnography,Papua New Guinea,German New Guinea,New Guinea,New Guinea 
STB 0 0 |a Ethnologie 
STC 0 0 |a Etnología 
STD 0 0 |a Etnologia 
STE 0 0 |a 民族学 
STF 0 0 |a 民族學 
STG 0 0 |a Etnologia 
STH 0 0 |a Этнология 
STI 0 0 |a Εθνολογία 
SUB |a REL 
SYG 0 0 |a Unabhängiger Staat Papua-Neuguinea,Ost-Neuguinea,Staat Papua,Neuguinea,Ost,Papua New Guinea,Papua Niugini,Papua Neuguinea,Niugini,Papua-New Guinea,Papua-Nouvelle-Guinée,PNG,Papua and New Guinea , Völkerkunde,Ethnographie <Völkerkunde>,Ethnografie <Völkerkunde>,Völkerkunde,Ethnografie,Ethnographie 
TIM |a 100019750916_100020261231  |b 1975-09-16 - 2026